000 00575nam a2200181Ia 4500
008 151018s9999 xx 000 0 und d
082 _bRBASDV783
_a891.462
100 _aग के दातार
245 _aमराठ्याची मुलगी
250 _b1
260 _bबापट आणि कंपनी
_c1947
300 _a70
600 _aग के दातार
630 _aमराठ्याची मुलगी
700 _aग के दातार
730 _aमराठ्याची मुलगी
942 _cBOOK
999 _c1003252
_d1003249